| 000 | 00942nam a22001937a 4500 | ||
|---|---|---|---|
| 003 | OSt | ||
| 005 | 20260413013929.0 | ||
| 008 | 260413b |||||||| |||| 00| 0 eng d | ||
| 040 |
_aDWCL GS lib _cOC |
||
| 082 | _aFic. W672c 1960 | ||
| 100 | _aSelden, George | ||
| 245 |
_ayearling newbery: _bthe cricket in time square _cGeorge Selden |
||
| 260 |
_aNew York _bBantam Doubleday Dell books for young readers _cc1960 |
||
| 300 |
_a19cm _billustrations _c19cm |
||
| 520 | _aThe Cricket in Times Square (a 1961 Newbery Honor Book) follows Chester, a musical country cricket accidentally transported from Connecticut to a New York City subway station. Befriended by Mario Bellini, Tucker Mouse, and Harry Cat, Chester becomes a famous musician but ultimately misses his home and returns to the countryside. | ||
| 546 | _aEnglish | ||
| 700 | _aGeorge Selden | ||
| 942 |
_2ddc _cFIC. _hFic. W672c 1960 _n0 |
||
| 999 |
_c9368 _d9368 |
||